Ethnicity and populist mobilization : (Record no. 19652)

MARC details
000 -LEADER
fixed length control field 01363cam a2200361 a 4500
001 - CONTROL NUMBER
control field 254682
003 - CONTROL NUMBER IDENTIFIER
control field BDDh-ASL
005 - DATE AND TIME OF LATEST TRANSACTION
control field 20231015025808.0
008 - FIXED-LENGTH DATA ELEMENTS--GENERAL INFORMATION
fixed length control field 990513s1999 ii b b 001 0 eng
010 ## - LIBRARY OF CONGRESS CONTROL NUMBER
LC control number 99932754
020 ## - INTERNATIONAL STANDARD BOOK NUMBER
International Standard Book Number 019564316X
025 ## - OVERSEAS ACQUISITION NUMBER
Overseas acquisition number I-E-99-932754; 63-92
037 ## - SOURCE OF ACQUISITION
Source of stock number/acquisition Library of Congress -- New Delhi Field Office
Terms of availability Rs575.00
040 ## - CATALOGING SOURCE
Original cataloging agency DLC
Transcribing agency DLC
Modifying agency DLC
-- BDDh-ASL
042 ## - AUTHENTICATION CODE
Authentication code lcode
043 ## - GEOGRAPHIC AREA CODE
Geographic area code a-ii---
050 00 - LIBRARY OF CONGRESS CALL NUMBER
Classification number GN635.I4
Item number S87 1999
082 ## - DEWEY DECIMAL CLASSIFICATION NUMBER
Classification number 300.54
Item number SUE
100 1# - MAIN ENTRY--PERSONAL NAME
Personal name Subramanian, Narendra.
245 10 - TITLE STATEMENT
Title Ethnicity and populist mobilization :
Remainder of title political parties, citizens, and democracy in South India /
Statement of responsibility, etc. Narendra Subramanian.
260 ## - PUBLICATION, DISTRIBUTION, ETC.
Place of publication, distribution, etc. Delhi :
Name of publisher, distributor, etc. Oxford University Press,
Date of publication, distribution, etc. 1999.
300 ## - PHYSICAL DESCRIPTION
Extent xxii, 371 p. :
Other physical details map ;
Dimensions 22 cm.
504 ## - BIBLIOGRAPHY, ETC. NOTE
Bibliography, etc. note Includes bibliographical references (p. [331]-356) and indexes.
520 ## - SUMMARY, ETC.
Summary, etc. Covers Tamil Nadu, India.
650 #0 - SUBJECT ADDED ENTRY--TOPICAL TERM
Topical term or geographic name entry element Ethnicity
Geographic subdivision India.
650 #0 - SUBJECT ADDED ENTRY--TOPICAL TERM
Topical term or geographic name entry element Cultural pluralism
Geographic subdivision India.
650 #0 - SUBJECT ADDED ENTRY--TOPICAL TERM
Topical term or geographic name entry element Social conflict
Geographic subdivision India.
651 #0 - SUBJECT ADDED ENTRY--GEOGRAPHIC NAME
Geographic name India
General subdivision Race relations.
856 42 - ELECTRONIC LOCATION AND ACCESS
Materials specified Publisher description
Uniform Resource Identifier <a href="http://www.loc.gov/catdir/enhancements/fy0638/99932754-d.html">http://www.loc.gov/catdir/enhancements/fy0638/99932754-d.html</a>
906 ## - LOCAL DATA ELEMENT F, LDF (RLIN)
a 7
b cbc
c origode
d 2
e ncip
f 19
g y-gencatlg
942 ## - ADDED ENTRY ELEMENTS (KOHA)
Source of classification or shelving scheme Dewey Decimal Classification
Koha item type Books
Holdings
Withdrawn status Lost status Source of classification or shelving scheme Damaged status Not for loan Collection code Home library Current library Shelving location Date acquired Source of acquisition Total Checkouts Full call number Barcode Date last seen Copy number Price effective from Koha item type Public note
    Dewey Decimal Classification   Not For Loan Non-fiction Asiatic Society Library Asiatic Society Library Ludden Collection 12/14/2020 Donated by Prof. David Ludden   300.54 SUE 103021 12/14/2020 C-1 12/14/2020 Books RARE
    Dewey Decimal Classification   Not For Loan Non-fiction Asiatic Society Library Asiatic Society Library Ludden Collection 12/14/2020 Donated by Prof. David Ludden   300.54 SUE 103022 12/14/2020 C-2 12/14/2020 Books RARE

Powered by Koha